| 000 | 004600000a22001810004500 | ||
|---|---|---|---|
| 001 | 2134 | ||
| 003 | CO-MdFUSB | ||
| 005 | 20170628193014.0 | ||
| 008 | 170628b xxu||||| |||| 00| 0 eng d | ||
| 040 | _cCO-MdBIC | ||
| 082 | 0 | 4 | _a863C Al16c |
| 110 | 1 | _aAlcaldia de Medellín | |
| 245 | 1 | 0 | _aCuentos de animaes fantasticos / Alcaldia de Medellín |
| 260 | _aMedellin : Alcaldia de Medellín | ||
| 300 | _a44 P. | ||
| 650 | 1 | 4 | _aCuento infantil |
| 942 | _cLGB | ||
| 999 |
_c49281 _d49281 |
||